000 01383nam0a22002771 4500
001 rc\4803130
005 20260407023041.0
021 _aRU
_b[68-20036]
035 _a(NLR Aleph) 008873539
090 _a8536960
_c8536960
100 _a20130426d1967 |||y0rusy50 ca
101 0 _arus
102 _aRU
105 _aab c |||||
200 1 _aУказания по проектированию, строительству и эксплуатации низконапорных дамб из торфоминеральных смесей на торфяных основаниях
_fЛатв. науч.-исслед. ин-т гидротехники и мелиорации М-ва мелиорации и водного хоз-ва СССР. М-во мелиорациии водного хоз-ва Латв. ССР
210 _aРига
_cБ. и.
_d1967
215 _a45 с.
_cчерт., карт.
_d20
300 _aВ вып. дан. сост.: Г.Я. Сегал
606 _aДамбы из торфоминеральных смесей на торфяных почвах
_2psbo
702 1 _aСегал
_bГ.Я.
_4220
712 0 2 _aЛатвийский НИИ гидротехники и мелиорации
_cЕлгава
_3RU\NLR\AUTH\8810008391
_9514522
801 0 _aRU
_bNLR
_gpsbo
801 1 _aRU
_bELAR
_2rusmarc
852 _aNLR
_jПт 24.1/66
942 _cBOOK
980 _aNB